| 000 | 01453nam a22002657a 4500 | ||
|---|---|---|---|
| 003 | Uzh_bibl | ||
| 008 | 260402b |||||||| |||| 00| 0 ukr d | ||
| 020 |
_a978-617-09-4439-9 _c114.00 |
||
| 040 | _bукр. | ||
| 041 |
_2ukr _aukr |
||
| 080 | _a502 | ||
| 090 |
_a502 _bС 85 |
||
| 100 | _aСтороженко,Галина | ||
| 245 |
_aЖиття лісу _cхудож.оформ.В Труфен _hТекст |
||
| 260 |
_aХарків _bРанок _c2018 |
||
| 300 |
_a64 с. _bіл. _fВ опр. |
||
| 490 | _aСерія"Світ і його таємниці" | ||
| 520 | _aКнига у зрозумілій і цікавій формі познайомить юного читача з дивовижним життям лісу. Я які види лісів існують на Землі? Як живе ліс у різні сезони? Які ліси бачили динозаври? Відповіді на ці запитання читач знайде у книзі, яку можна використовувати і як захопливе читання, і як наочний посібник, і як довідни | ||
| 521 | _aДля дітей молодшого та середнього шкільного віку | ||
| 546 | _aукр. | ||
| 650 | _aНауково-популярне видання | ||
| 653 |
_aЛіс _aДерева _aШкідники лісу |
||
| 655 | _aДовідник | ||
| 942 |
_2udc _cBK |
||
| 999 |
_c17246 _d17246 |
||